000 00486nam a2200169Ia 4500
003 GCL
008 140319s9999 xx 000 0 ara d
040 _aGCL /
_cGCL
082 0 4 _a250
_bع ا
100 1 _aعبدالعزيز خطاب
245 1 0 _aاسئلة الشريعة احوالها /
_cعبدالعزيز خطاب
260 _a[S.N] :
_bمكتبة التراث الاسلامى
300 _a79 ص
490 _a
650 0 4 _aالفقه الاسلامى
942 _2ddc
_cBK
999 _c33330
_d33330